000 00344 a2200157 4500
001 167741
020 _a
040 _cMagnum
100 _aGarcia, Walter E.
240 1 0 _aAdministracao educacional em crise
_lpor
245 1 0 _aAdministracao educacional em crise
362 0 _a1899
440 1 _aCortez
697 _aENSINO
942 _cBK
999 _c167741
_d167741